LEADER 01068nam a2200253 i 4500 001 000000151745 003 CaOOAMICUS 005 20060711000000.0 008 060711s1965 it u000 u ita u 013 $a129084 040 $aSeMil$bita 100 1 $aBouyer, Louis,$d<1913-2004>.$0(OLS)http://semarc/name/104 245 10$aIntroduzione alla vita spirituale /$cdi Louis Bouyer ; traduzione di Gennaro Auletta. 260 $aTorino :$bBorla,$c1965. 300 $a375 p. ;$c21 cm. 490 0 $aLe idee e la vita ;$v22 650 4$aCristianesimo - Vita spirituale.$0(OLS)http://semarc/subject/4032 700 1 $aAuletta, Gennaro,$c.$0(OLS)http://semarc/name/17920 830 3$aLe idee e la vita ;$v22.$0(OLS)http://semarc/title/6393 850 $aSeMil 852 $aSeMil$W1$xVenegono$y1$m2C II 503$j103728$B103728$CSeMilBibl$Z2$F113834 $81 961 $aLascito: Gogna prof.ssa Silvia 996 $6245$aIntroduzione alla vita spirituale$9(OLS)http://semarc/title/221759 996 $6260$aTorino :$bBorla$9(OLS)http://semarc/publisher/29913 LEADER 00853nam a2200217 i 4500 001 000000195451 003 CaOOAMICUS 005 20161205000000.0 008 161205s1840 it u000 u fre u 013 $a174128 040 $aSeMil$bita 100 1 $aRossi, Pellegrino <1787-1848>.$0(OLS)http://semarc/name/6579 245 10$aCours d'économie politique :$bannée 1836-1837 /$cpar m. P. Rossi. 260 $aBruxelles :$bHauman,$c1840. 300 $a569 p. ;$c26 cm. 500 $aManca il front. 650 4$aEconomia politica - Manuali.$0(OLS)http://semarc/subject/2311 850 $aSeMil 852 $aSeMil$W1$xVenegono$y1$m3N V 4 FA$j146020$B146020$CSeMilBibl$Z2$F214842 $8I 996 $6245$aCours d'économie politique :$bannée 1836-1837$9(OLS)http://semarc/title/282010 996 $6260$aBruxelles :$bHauman$9(OLS)http://semarc/publisher/50756